Základy teórie verejných financií
Salvato in:
| Autore principale: | |
|---|---|
| Ente Autore: | |
| Altri autori: | , , |
| Natura: | Libro |
| Lingua: | slovacco |
| Pubblicazione: |
Bratislava
MERKURY s.r.o.
2006
|
| Soggetti: | |
| Tags: |
Nessun Tag, puoi essere il primo ad aggiungerne!!
|
MARC
| LEADER | 00000nam$a2200000$$$4500 | ||
|---|---|---|---|
| 001 | 0111276 | ||
| 005 | 20240502072230.7 | ||
| 020 | |a 80-89143-37-7 | ||
| 041 | 0 | |a slo | |
| 044 | |a SK | ||
| 245 | 1 | 0 | |a Základy teórie verejných financií |c Zuzana Vincúrová, Jana Péliová ; recenzenti: Elena Beňová, Viera Cibáková |
| 264 | 1 | |a Bratislava |b MERKURY s.r.o. |c 2006 | |
| 300 | |a 136 s. [6,45 AH] | ||
| 610 | 2 | 0 | |a financie verejné |
| 610 | 2 | 0 | |a sektor verejný |
| 610 | 2 | 0 | |a príjmy obyvateľstva |
| 610 | 2 | 0 | |a príjmy rozpočtu štátneho |
| 610 | 2 | 0 | |a výdavky verejné |
| 610 | 2 | 0 | |a dane |
| 610 | 2 | 0 | |a politika fiškálna |
| 610 | 2 | 0 | |a pokladnica štátna |
| 100 | 1 | |a Vincúrová, Zuzana | |
| 700 | 1 | |a Péliová, Jana, 1976- | |
| 700 | 1 | |a Beňová, Elena | |
| 700 | 1 | |a Cibáková, Viera | |
| 710 | 2 | |a Vysoká škola ekonómie a manažmentu verejnej správy v Bratislave | |